<?xml version="1.0" encoding="UTF-8"?>
<collection xmlns="http://www.loc.gov/MARC21/slim">
 <record>
  <leader>00620pamaa2200169   4500</leader>
  <controlfield tag="001">0000023302</controlfield>
  <controlfield tag="005">20060707090000.0</controlfield>
  <datafield tag="020" ind1="0" ind2="0">
   <subfield code="a">0813390206 </subfield>
  </datafield>
  <datafield tag="082" ind1=" " ind2=" ">
   <subfield code="a">338.959 SOU</subfield>
  </datafield>
  <datafield tag="090" ind1="0" ind2="0">
   <subfield code="a">HD3611 </subfield>
   <subfield code="b">SOU 1997</subfield>
  </datafield>
  <datafield tag="245" ind1="1" ind2="0">
   <subfield code="a">SOUTHEAST Asia misunderstood miracle : </subfield>
   <subfield code="b">industrial policy and economic development in Thailand, Malaysia and Indonesia  </subfield>
   <subfield code="c">Jomo K.S ...[et al.].</subfield>
  </datafield>
  <datafield tag="260" ind1="0" ind2="0">
   <subfield code="a">Colorado: </subfield>
   <subfield code="b">WestviewPress, </subfield>
   <subfield code="c">1997.</subfield>
  </datafield>
  <datafield tag="300" ind1=" " ind2=" ">
   <subfield code="a">xiv, 196p.; </subfield>
   <subfield code="c">24cm.</subfield>
  </datafield>
  <datafield tag="504" ind1="0" ind2="0">
   <subfield code="a">Includes bibliographical references and index</subfield>
  </datafield>
  <datafield tag="650" ind1="0" ind2="0">
   <subfield code="a">Industrial policy -- </subfield>
   <subfield code="z">Asia, Southeastern </subfield>
  </datafield>
  <datafield tag="650" ind1="0" ind2="0">
   <subfield code="a">Asia, Southeastern -- </subfield>
   <subfield code="x">Economic policy </subfield>
  </datafield>
  <datafield tag="700" ind1="1" ind2="1">
   <subfield code="a">Jomo K.S </subfield>
  </datafield>
 </record>
</collection>
